| 000 | 00909cgm a2200253 4500 | ||
|---|---|---|---|
| 001 | B3143 | ||
| 008 | 090401t1990 xxu||||| |||| 00| 0 eng d | ||
| 035 | _a(Sirsi) u54275 | ||
| 041 | _aeng | ||
| 050 | _a690.3 | ||
| 100 | _aSwanston, Roy | ||
| 245 | _aQuality assurance (sound recording) | ||
| 260 |
_aLondon _bRoyal Institution of Chartered Surveyors _c1990 |
||
| 300 | _a1 sound cassette (60 min.) | ||
| 350 | _a10 | ||
| 490 | _aOwlion Audio Programme | ||
| 520 | _aPublished jointly with the College of Estate Management . `Quality Assurance` defines the philosophy of the subject, looks at the historical background and examines the practical application of quality assurance with particular reference to the Chartered Surveyor. | ||
| 650 | _aAUDIO CASSETTES | ||
| 650 | _aABOUT RICS-RICS MEMBERS | ||
| 700 | _aGrice, Tony | ||
| 700 | _aPearson, Mike | ||
| 942 | _n0 | ||
| 948 | _c04/03/1997 | ||
| 999 |
_c85282 _d85282 |
||